Chemical storage tank systems - good practice (Record no. 103081)

MARC details
000 -LEADER
fixed length control field 01272cam a2200301 4500
001 - CONTROL NUMBER
control field L123657
008 - FIXED-LENGTH DATA ELEMENTS--GENERAL INFORMATION
fixed length control field 030917n2003 000 0 eng u
020 ## - INTERNATIONAL STANDARD BOOK NUMBER
International Standard Book Number 0860175987
035 ## - SYSTEM CONTROL NUMBER
System control number (Sirsi) u123657
041 ## - LANGUAGE CODE
Language code of text/sound track or separate title eng
050 ## - LIBRARY OF CONGRESS CALL NUMBER
Classification number 614.8312
-- 18
100 ## - MAIN ENTRY--PERSONAL NAME
Personal name Cassie, S.
245 ## - TITLE STATEMENT
Title Chemical storage tank systems - good practice
Remainder of title guidance on design, manufacture, installation, operation, inspection and maintenance
260 ## - PUBLICATION, DISTRIBUTION, ETC.
Place of publication, distribution, etc. London
Name of publisher, distributor, etc. CIRIA
Date of publication, distribution, etc. 2003
300 ## - PHYSICAL DESCRIPTION
Extent 242p.
Dimensions 30cm.
350 ## - PRICE (NR) (BK AM CF MU VM SE) [OBSOLETE]
Price 96
490 ## - SERIES STATEMENT
Series statement CIRIA Publication
Volume/sequential designation C598
520 ## - SUMMARY, ETC.
Summary, etc. This guidance document addresses good practice from the inception of a chemical storage system through installation, operation, inspection and maintenance. Details of the legislative framework relating to chemical storage tanks are provided and health and safety issues are also described. Relevant to all organisations represented on a site where chemicals are stored.
520 ## - SUMMARY, ETC.
Summary, etc. Accompanied by a CD-ROM (L145253) which is not available for loan.
650 ## - SUBJECT ADDED ENTRY--TOPICAL TERM
Topical term or geographic name entry element CHEMICAL STORAGE SYSTEMS
650 ## - SUBJECT ADDED ENTRY--TOPICAL TERM
Topical term or geographic name entry element CHEMICALS
650 ## - SUBJECT ADDED ENTRY--TOPICAL TERM
Topical term or geographic name entry element Environment
9 (RLIN) 6238
650 ## - SUBJECT ADDED ENTRY--TOPICAL TERM
Topical term or geographic name entry element BUILDING SITES
650 ## - SUBJECT ADDED ENTRY--TOPICAL TERM
Topical term or geographic name entry element HAZARDOUS SUBSTANCES
690 ## - LOCAL SUBJECT ADDED ENTRY--TOPICAL TERM (OCLC, RLIN)
Topical term or geographic name as entry element BUILT ENVIRONMENT-BUILDING STANDARDS
700 ## - ADDED ENTRY--PERSONAL NAME
Personal name Seale, L.
942 ## - ADDED ENTRY ELEMENTS (KOHA)
Suppress in OPAC 0
Holdings
Withdrawn status Lost status Source of classification or shelving scheme Damaged status Not for loan Home library Current library Shelving location Date acquired Total Checkouts Full call number Barcode Date last seen Copy number Price effective from Koha item type
    Dewey Decimal Classification     London London Books 18/09/2003   CIRIA REPORTS 30067768 10/05/2024 1 06/08/2019 Book